000 nam a22 7a 4500
999 _c98860
_d98859
005 20200120114013.0
008 190228b ||||| |||| 00| 0 eng d
020 _a9780143425465
080 _aF
_bPAM/W
100 _aPamuk, Orhan
_910290
245 _aWhite castle
260 _bPenguin
_aHaryana
_c2015
300 _a161p.
653 _aFiction- English literature
_aTurkish fiction
942 _cBK